| 000 | 00899nam a22002417a 4500 | ||
|---|---|---|---|
| 001 | BRCA_9415 | ||
| 003 | FranzMayer | ||
| 005 | 20230918130039.0 | ||
| 008 | 230904b |||||||| |||| 00| 0 eng d | ||
| 040 |
_aMFM _bESPAÑOL _cMFM |
||
| 050 |
_aF1219 _bI53 |
||
| 110 | 1 |
_4Responsable _aInstituto Nacional Indigenista _929625 |
|
| 240 |
_aCatalogo de los pueblos indígenas _hArchivo fotográfico audiovisual _lEspañol/Inglés |
||
| 245 | 0 |
_aCatalogo de los pueblos indígenas _bArchivo fotográfico audiovisual |
|
| 260 |
_aMéxico _bInstituto Nacional Indigenista |
||
| 300 |
_a56 p _bIlustraciones _c28 cm |
||
| 500 | _aAnexo 1 | ||
| 500 | _aEl material no tiene muchos documentos como año e ISBN | ||
| 505 | _aTexto en: español/InglésIncluye índice temáticoDirigido a: artesanos y artistas mexicanos | ||
| 650 | 1 | _2Indígenas de México | |
| 651 | 2 | _2Catálogo | |
| 942 |
_2lcc _cB |
||
| 999 |
_c11037 _d11037 |
||